| 000 | 00398 a2200145 4500 | ||
|---|---|---|---|
| 001 | 170634 | ||
| 020 | _a | ||
| 040 | _cMagnum | ||
| 100 | _aAlves, Joao Roberto Moreira (Org.) | ||
| 240 | 1 | 0 |
_aPlano nacional de educacao: as diretrizes, objetivos e metas.... _lpor |
| 245 | 1 | 0 | _aPlano nacional de educacao: as diretrizes, objetivos e metas.... |
| 362 | 0 | _a1899 | |
| 697 | _aENSINO | ||
| 942 | _cBK | ||
| 999 |
_c170634 _d170634 |
||